[Event "Bodensee op"]
[Site "Bregenz"]
[Date "2024.05.12"]
[Round "9"]
[White "Pilz, Dieter"]
[Black "Kranzl, Julian"]
[Result "0-1"]
[WhiteElo "2115"]
[BlackElo "2250"]
[PlyCount "84"]
[EventDate "2024.05.04"]
[EventType "swiss"]
[EventRounds "9"]
[EventCountry "AUT"]
[SourceTitle "CB20_2024"]
[SourceDate "2024.05.16"]
[SourceVersion "1"]
[SourceVersionDate "2024.05.16"]
[SourceQuality "1"]

1. Nf3 Nf6 2. g3 b6 3. Bg2 Bb7 4. c4 c5 5. 0-0 e6 6. Nc3 d6 7. d4 cxd4 8. Qxd4 a6 9. b3 Nbd7 10. Bb2 Be7 11. Rfd1 0-0 12. Rac1 Qc7 13. Ne1 Bxg2 14. Nxg2 Rfe8 15. Ne3 Qb7 16. Ng4 Bf8 17. Nxf6+ Nxf6 18. Qd3 Rad8 19. f3 d5 20. cxd5 Bc5+ 21. Kh1 exd5 22. Na4 Be3 23. Bxf6 gxf6 24. Rc2 d4 25. Kg2 Rd5 26. Qc4 b5 27. Qb4 a5 28. Nc5 Qe7 29. Qxb5 d3 30. Rxd3 Rxc5 31. Rxc5 Bxc5 32. e4 Bb4 33. Rd7 Qe5 34. Rd5 Qb8 35. Qd3 Qc7 36. Qd4 Qc2+ 37. Kh3 Qc3 38. Qd1 Qe3 39. a3 Bxa3 40. Rxa5 Bc5 41. Rb5 Qd4 42. Qc2 Qd7+ 0-1

[Event "Bodensee op"]
[Site "Bregenz"]
[Date "2024.05.10"]
[Round "7"]
[White "Pilz, Dieter"]
[Black "Woods, Yannick"]
[Result "1-0"]
[WhiteElo "2115"]
[BlackElo "1937"]
[PlyCount "116"]
[EventDate "2024.05.04"]
[EventType "swiss"]
[EventRounds "9"]
[EventCountry "AUT"]
[SourceTitle "CB20_2024"]
[SourceDate "2024.05.16"]
[SourceVersion "1"]
[SourceVersionDate "2024.05.16"]
[SourceQuality "1"]

1. Nf3 d5 2. c4 c6 3. e3 Nf6 4. Nc3 e6 5. d4 Nbd7 6. Qc2 Bd6 7. e4 dxe4 8. Nxe4 Nxe4 9. Qxe4 Nf6 10. Qc2 c5 11. Be2 cxd4 12. Nxd4 Bb4+ 13. Bd2 Bxd2+ 14. Qxd2 Ne4 15. Qe3 Qa5+ 16. Kf1 Nf6 17. a3 0-0 18. b4 Qc7 19. Nb5 Qe7 20. Rd1 a6 21. Nd6 Rd8 22. c5 Ne8 23. Nxe8 Qxe8 24. Rxd8 Qxd8 25. g3 Bd7 26. Bf3 Qc7 27. Kg2 a5 28. Rd1 axb4 29. axb4 Bc6 30. Rd6 Rd8 31. Rxd8+ Qxd8 32. b5 Bxb5 33. Bxb7 Qc7 34. Bf3 Kf8 35. h4 Bc6 36. Qd4 f6 37. Qb4 Ke7 38. h5 Bxf3+ 39. Kxf3 Qc6+ 40. Ke3 h6 41. Qa3 Kd7 42. Qa7+ Kc8 43. Qe7 Qd5 44. Qf8+ Kd7 45. Qxg7+ Kc6 46. Qxf6 Qxc5+ 47. Kd2 Qd5+ 48. Kc2 Qe4+ 49. Kb2 Qb4+ 50. Kc2 Qe4+ 51. Kd2 Qd5+ 52. Ke3 Qb3+ 53. Kf4 Qd5 54. Qe5 Qd2+ 55. Qe3 e5+ 56. Kxe5 Qd5+ 57. Kf6 Qxh5 58. Qe6+ Kc7 1-0

[Event "Bodensee op"]
[Site "Bregenz"]
[Date "2024.05.05"]
[Round "2"]
[White "Tischbierek, Raj"]
[Black "Pilz, Dieter"]
[Result "1-0"]
[WhiteElo "2433"]
[BlackElo "2115"]
[PlyCount "103"]
[EventDate "2024.05.04"]
[EventType "swiss"]
[EventRounds "9"]
[EventCountry "AUT"]
[SourceTitle "CB20_2024"]
[SourceDate "2024.05.16"]
[SourceVersion "1"]
[SourceVersionDate "2024.05.16"]
[SourceQuality "1"]

1. e4 e5 2. Nc3 Nc6 3. g3 Bc5 4. Bg2 a6 5. Nge2 d6 6. 0-0 Nf6 7. d3 h6 8. h3 0-0 9. Kh2 Ba7 10. f4 exf4 11. Bxf4 Nd4 12. Qd2 c6 13. Rae1 Nh7 14. g4 Ng5 15. Bg3 Nge6 16. Nd1 Nxe2 17. Rxe2 Bd4 18. Ne3 Be5 19. Nf5 Nd4 20. Nxd4 Bxd4 21. c3 Be5 22. d4 Bxg3+ 23. Kxg3 Be6 24. b3 a5 25. c4 a4 26. d5 cxd5 27. exd5 Bd7 28. Qf4 axb3 29. axb3 Ra3 30. Qxd6 Rxb3+ 31. Rf3 Ba4 32. Qxd8 Rxd8 33. c5 Rxf3+ 34. Bxf3 Bd1 35. Rd2 Bxf3 36. Kxf3 Kf8 37. d6 Ke8 38. Ke4 Ra8 39. Kd5 Ra1 40. Re2+ Kd8 41. Re7 Rd1+ 42. Kc4 Rc1+ 43. Kb5 Rb1+ 44. Ka5 g5 45. Rxf7 Rb3 46. Rh7 Rc3 47. Kb5 Rb3+ 48. Kc4 Rb1 49. Rxh6 Kd7 50. Rh7+ Ke6 51. Re7+ Kf6 52. Re3 1-0

[Event "Bodensee op"]
[Site "Bregenz"]
[Date "2024.05.04"]
[Round "1"]
[White "Pilz, Dieter"]
[Black "Hehle, Bernhard"]
[Result "1-0"]
[WhiteElo "2115"]
[BlackElo "1954"]
[PlyCount "37"]
[EventDate "2024.05.04"]
[EventType "swiss"]
[EventRounds "9"]
[EventCountry "AUT"]
[SourceTitle "CB20_2024"]
[SourceDate "2024.05.16"]
[SourceVersion "1"]
[SourceVersionDate "2024.05.16"]
[SourceQuality "1"]

1. Nf3 g6 2. g3 Bg7 3. Bg2 Nf6 4. 0-0 0-0 5. c4 d6 6. Nc3 e5 7. d4 exd4 8. Nxd4 c6 9. b3 a6 10. Bb2 c5 11. Nf3 Nc6 12. Qd2 Qc7 13. Rad1 Rd8 14. e3 Rb8 15. h3 b5 16. g4 bxc4 17. g5 Ne8 18. Nd5 Qa5 19. Ne7+ 1-0

[Event "Tirol Landesliga 2223"]
[Site "Austria"]
[Date "2023.03.11"]
[Round "7.3"]
[White "Pilz, Dieter"]
[Black "Wohlfahrt, Herbert J"]
[Result "0-1"]
[WhiteElo "2110"]
[BlackElo "2322"]
[PlyCount "44"]
[EventDate "2022.10.01"]
[EventType "team-tourn"]
[EventRounds "9"]
[EventCountry "AUT"]
[SourceTitle "EXT 2024"]
[Source "ChessBase"]
[SourceDate "2023.10.10"]
[SourceVersion "1"]
[SourceVersionDate "2023.10.10"]
[SourceQuality "1"]
[WhiteTeam "Absam"]
[BlackTeam "Schach ohne Grenzen"]
[WhiteTeamCountry "AUT"]
[BlackTeamCountry "AUT"]

1. Nf3 c5 2. e4 e6 3. Nc3 a6 4. a4 Nc6 5. d4 cxd4 6. Nxd4 Qc7 7. Nxc6 bxc6 8. Bd3 Nf6 9. 0-0 Be7 10. Qe2 d5 11. exd5 cxd5 12. Re1 0-0 13. Bg5 Bb7 14. a5 Rfe8 15. Bh4 d4 16. Bxf6 Bxf6 17. Ne4 Be7 18. Qh5 h6 19. Ng3 Rad8 20. Qe2 Bb4 21. Red1 Qc8 22. f3 Rd5 0-1

[Event "Innsbruck op-A 2nd"]
[Site "Innsbruck"]
[Date "2018.08.31"]
[Round "8"]
[White "Rietze, Clemens"]
[Black "Pilz, Dieter"]
[Result "1-0"]
[WhiteElo "2339"]
[BlackElo "2216"]
[PlyCount "135"]
[EventDate "2018.08.24"]
[EventType "swiss"]
[EventRounds "9"]
[EventCountry "AUT"]
[SourceTitle "CBM 186 Extra"]
[Source "ChessBase"]
[SourceDate "2018.08.24"]
[SourceVersion "1"]
[SourceVersionDate "2018.08.24"]
[SourceQuality "1"]

1. e4 c5 2. Nf3 Nc6 3. d4 cxd4 4. Nxd4 e5 5. Nb5 d6 6. N1c3 a6 7. Na3 Nf6 8. Bg5 Be6 9. Nc4 Rc8 10. Bd3 Be7 11. Bxf6 Bxf6 12. Ne3 g6 13. Ncd5 Bg7 14. c3 0-0 15. Bc2 Ne7 16. Bb3 Nxd5 17. Bxd5 Qe7 18. Qd3 Bh6 19. Nc2 Rc5 20. Bxe6 fxe6 21. 0-0 Rd8 22. Rad1 d5 23. Rfe1 d4 24. cxd4 exd4 25. Nxd4 Bg7 26. Nc6 Rxd3 27. Nxe7+ Kf7 28. Rxd3 Kxe7 29. Red1 Bxb2 30. Rd7+ Kf6 31. Rxb7 Rc2 32. Rbd7 Be5 33. R7d2 Rc4 34. f3 g5 35. g3 h5 36. Kf2 Ra4 37. Ke3 Ra3+ 38. Rd3 Rxa2 39. f4 Bc7 40. R1d2 Bb6+ 41. Ke2 Ra4 42. fxg5+ Kxg5 43. Kf3 Kf6 44. Rd6 Rb4 45. Rc6 Rb3+ 46. Kg2 Ke5 47. Rdd6 Rb2+ 48. Kf1 Be3 49. Rxe6+ Kd4 50. Rcd6+ Kc4 51. Rxa6 Rxh2 52. Ra4+ Kb5 53. Ra3 Bc5 54. Rf3 Bd4 55. Re8 h4 56. Rb8+ Kc5 57. Rc8+ Kd6 58. Rd8+ Kc5 59. Rd3 Bf6 60. Rc8+ Kb4 61. Rd7 Kb5 62. Rb7+ Ka6 63. Rb3 Ka7 64. Rc7+ Ka8 65. Rc6 Bd4 66. Ra6+ Ba7 67. Rba3 Rh1+ 68. Ke2 1-0

[Event "Innsbruck op-A 2nd"]
[Site "Innsbruck"]
[Date "2018.08.26"]
[Round "2"]
[White "Lochte, Thomas"]
[Black "Pilz, Dieter"]
[Result "1-0"]
[WhiteElo "2083"]
[BlackElo "2216"]
[PlyCount "103"]
[EventDate "2018.08.24"]
[EventType "swiss"]
[EventRounds "9"]
[EventCountry "AUT"]
[SourceTitle "CBM 186 Extra"]
[Source "ChessBase"]
[SourceDate "2018.08.24"]
[SourceVersion "1"]
[SourceVersionDate "2018.08.24"]
[SourceQuality "1"]

1. e4 g6 2. d4 Bg7 3. Nc3 d6 4. Be2 Nc6 5. Be3 e5 6. dxe5 Nxe5 7. Nf3 Bd7 8. Qd2 Ne7 9. Nxe5 Bxe5 10. f4 Bg7 11. 0-0 0-0 12. Rad1 Qe8 13. g4 f5 14. Bc4+ Kh8 15. Bd4 h6 16. exf5 gxf5 17. Rde1 Qd8 18. g5 Nc6 19. Bxg7+ Kxg7 20. gxh6+ Kh7 21. Rf3 Qh4 22. Rg3 Rae8 23. Rxe8 Bxe8 24. Qg2 Bh5 25. Rg7+ Kxh6 26. h3 Nd4 27. Bd5 Re8 28. Qg5+ Qxg5+ 29. Rxg5 c6 30. Rxh5+ Kg6 31. Rg5+ Kf6 32. Bg2 Re1+ 33. Bf1 Nxc2 34. Kf2 Rc1 35. Bd3 Nd4 36. Ne2 Nxe2 37. Rxf5+ Ke6 38. Kxe2 Rh1 39. Ra5 Rh2+ 40. Kd1 Rxb2 41. Rxa7 d5 42. f5+ Ke5 43. Bc2 Rb4 44. Ra8 Rh4 45. Re8+ Kd4 46. f6 Rf4 47. Re6 c5 48. Bg6 Kc3 49. Re3+ Kb2 50. Re6 Kc3 51. f7 d4 52. Re8 1-0

[Event "Innsbruck op-A 1st"]
[Site "Innsbruck"]
[Date "2017.08.30"]
[Round "6"]
[White "Morgunov, Daniel"]
[Black "Pilz, Dieter"]
[Result "1/2-1/2"]
[WhiteElo "2153"]
[BlackElo "2205"]
[PlyCount "43"]
[EventDate "2017.08.25"]
[EventType "swiss"]
[EventRounds "9"]
[EventCountry "AUT"]
[SourceTitle "CBM 180 Extra"]
[Source "ChessBase"]
[SourceDate "2017.10.06"]
[SourceVersion "1"]
[SourceVersionDate "2017.10.06"]
[SourceQuality "1"]

1. e4 d6 2. d4 Nf6 3. Nc3 g6 4. Be3 Bg7 5. Qd2 Ng4 6. Bg5 h6 7. Bh4 g5 8. Bg3 e5 9. dxe5 Nxe5 10. 0-0-0 Nbc6 11. h4 Be6 12. hxg5 hxg5 13. Rxh8+ Bxh8 14. Nh3 g4 15. Nf4 Qg5 16. Be2 0-0-0 17. Ncd5 Qg7 18. c3 Qh7 19. Qe3 Bg7 20. Kb1 Bh6 21. Rh1 Rh8 22. Ka1 1/2-1/2

[Event "Innsbruck op-A 1st"]
[Site "Innsbruck"]
[Date "2017.08.29"]
[Round "5"]
[White "Platzgummer, Fabian"]
[Black "Pilz, Dieter"]
[Result "1/2-1/2"]
[WhiteElo "2343"]
[BlackElo "2205"]
[PlyCount "30"]
[EventDate "2017.08.25"]
[EventType "swiss"]
[EventRounds "9"]
[EventCountry "AUT"]
[SourceTitle "CBM 180 Extra"]
[Source "ChessBase"]
[SourceDate "2017.10.06"]
[SourceVersion "1"]
[SourceVersionDate "2017.10.06"]
[SourceQuality "1"]

1. Nf3 Nf6 2. c4 c5 3. g3 g6 4. Bg2 Bg7 5. Nc3 Rf8 6. d4 cxd4 7. Nxd4 Nc6 8. Nc2 d6 9. 0-0 Be6 10. Ne3 Qd7 11. Bd2 Bh3 12. Rc1 Bxg2 13. Kxg2 e6 14. Nc2 d5 15. cxd5 Nxd5 1/2-1/2

[Event "AUT-chT 1617"]
[Site "Austria"]
[Date "2017.04.22"]
[Round "11.5"]
[White "Kreisl, Robert"]
[Black "Pilz, Dieter"]
[Result "1-0"]
[WhiteElo "2447"]
[BlackElo "2208"]
[PlyCount "111"]
[EventDate "2016.10.20"]
[EventType "team-tourn"]
[EventRounds "11"]
[EventCountry "AUT"]
[SourceTitle "CBM 177 Extra"]
[Source "ChessBase"]
[SourceDate "2017.04.27"]
[SourceVersion "1"]
[SourceVersionDate "2017.04.27"]
[SourceQuality "1"]
[WhiteTeam "Maria Saal"]
[BlackTeam "Absam"]
[WhiteTeamCountry "AUT"]
[BlackTeamCountry "AUT"]

1. d4 Nf6 2. Nf3 c5 3. e3 e6 4. Bd3 b6 5. 0-0 Bb7 6. c4 Be7 7. Nc3 0-0 8. d5 exd5 9. cxd5 d6 10. e4 Nbd7 11. h3 a6 12. a4 Qc7 13. b3 Ne8 14. Be3 Bf6 15. Rc1 g6 16. Bh6 Bg7 17. Qd2 f6 18. Be3 Qd8 19. Ne2 Ne5 20. Nxe5 fxe5 21. b4 a5 22. bxc5 bxc5 23. Rb1 Ba6 24. Bxa6 Rxa6 25. Rb7 Ra8 26. Bg5 Qc8 27. Rfb1 Rf7 28. R7b6 Bf8 29. R1b5 Be7 30. Bxe7 Rxe7 31. Rxa5 Rea7 32. Rxa7 Rxa7 33. Nc3 Qd8 34. Qb2 Ra8 35. Rb7 Qg5 36. g3 h5 37. h4 Qd8 38. Kg2 Nf6 39. f3 Ne8 40. Qd2 Rb8 41. Rxb8 Qxb8 42. Nb5 Qb6 43. Qg5 Kf7 44. f4 exf4 45. Qxf4+ Kg7 46. e5 Qb7 47. Qe4 dxe5 48. Qxe5+ Nf6 49. Nc7 Kf7 50. Qe6+ Kg7 51. Qe7+ Kg8 52. Qxf6 Qxc7 53. Qxg6+ Kf8 54. Qf6+ Kg8 55. Qg5+ Kf8 56. Qf4+ 1-0

[Event "EU-chT Seniors"]
[Site "Vienna"]
[Date "2015.07.13"]
[Round "2.17"]
[White "Kierzek, Mira"]
[Black "Pilz, Dieter"]
[Result "1/2-1/2"]
[WhiteElo "2084"]
[BlackElo "2243"]
[PlyCount "32"]
[EventDate "2015.07.12"]
[EventType "team-swiss"]
[EventRounds "9"]
[EventCountry "AUT"]
[SourceTitle "EXT 2018"]
[Source "ChessBase"]
[SourceDate "2017.10.13"]
[SourceVersion "1"]
[SourceVersionDate "2017.10.13"]
[SourceQuality "1"]
[WhiteTeam "Germany (W)"]
[BlackTeam "Voralberg"]
[WhiteTeamCountry "GER"]
[BlackTeamCountry "AUT"]

1. Nf3 Nf6 2. c4 g6 3. g3 Bg7 4. Bg2 0-0 5. 0-0 c5 6. Nc3 Nc6 7. d4 cxd4 8. Nxd4 d6 9. Nxc6 bxc6 10. Bxc6 Rb8 11. Bg2 Be6 12. Nd5 Nxd5 13. cxd5 Bd7 14. Rb1 Qa5 15. a3 Rfc8 16. b4 Qa6 1/2-1/2

[Event "Latschach op 30th"]
[Site "Latschach"]
[Date "2014.08.12"]
[Round "5"]
[White "Wegerer, Fred"]
[Black "Pilz, Dieter"]
[Result "0-1"]
[WhiteElo "2137"]
[BlackElo "2262"]
[PlyCount "81"]
[EventDate "2014.08.09"]
[EventType "swiss"]
[EventRounds "9"]
[EventCountry "AUT"]
[SourceTitle "CBM 161 Extra"]
[Source "ChessBase"]
[SourceDate "2014.08.29"]
[SourceVersion "1"]
[SourceVersionDate "2014.08.29"]
[SourceQuality "1"]

1. g3 e5 2. Bg2 Nf6 3. c4 Nc6 4. Nc3 Bb4 5. Nd5 a5 6. a3 Bc5 7. e3 d6 8. d3 0-0 9. Ne2 Nxd5 10. cxd5 Ne7 11. Bd2 Bb6 12. Nc3 Bd7 13. Na4 Ba7 14. b4 Qe8 15. Nb2 axb4 16. Bxb4 f5 17. Qb3 f4 18. Bd2 fxe3 19. Bxe3 Bxe3 20. fxe3 Qh5 21. Nd1 Ba4 22. Qb4 Qh6 23. Qd2 Bxd1 24. Kxd1 Nf5 25. Ke2 Qh5+ 26. Ke1 Qg5 27. Ke2 Nxg3+ 28. hxg3 Qxg3 29. Kd1 Rf2 30. Be4 Rxd2+ 31. Kxd2 g6 32. Rhe1 Rf8 33. Rac1 Rf2+ 34. Kc3 Qg5 35. Kb3 Qd8 36. Rc4 Kg7 37. Rec1 Rf7 38. Rb4 Qa8 39. Ra4 Qb8 40. Rb4 Qa7 41. Re1 0-1

[Event "Latschach op 30th"]
[Site "Latschach"]
[Date "2014.08.11"]
[Round "4"]
[White "Pilz, Dieter"]
[Black "Danner, Lambert"]
[Result "1/2-1/2"]
[WhiteElo "2262"]
[BlackElo "2075"]
[PlyCount "37"]
[EventDate "2014.08.09"]
[EventType "swiss"]
[EventRounds "9"]
[EventCountry "AUT"]
[SourceTitle "CBM 161 Extra"]
[Source "ChessBase"]
[SourceDate "2014.08.29"]
[SourceVersion "1"]
[SourceVersionDate "2014.08.29"]
[SourceQuality "1"]

1. Nf3 f5 2. c4 Nf6 3. Nc3 d6 4. d4 g6 5. g3 Bg7 6. Bg2 Na6 7. 0-0 0-0 8. b3 c6 9. Bb2 Bd7 10. e3 Nc7 11. Rb1 Rb8 12. d5 c5 13. a4 b6 14. Nb5 a6 15. Nxc7 Qxc7 16. Ng5 b5 17. axb5 axb5 18. Ne6 Bxe6 19. dxe6 1/2-1/2

[Event "Latschach op 29th"]
[Site "Latschach"]
[Date "2013.08.14"]
[Round "6"]
[White "Roth, Peter"]
[Black "Pilz, Dieter"]
[Result "0-1"]
[WhiteElo "2184"]
[BlackElo "2272"]
[PlyCount "65"]
[EventDate "2013.08.10"]
[EventType "swiss"]
[EventRounds "9"]
[EventCountry "AUT"]
[SourceTitle "CBM 155 Extra"]
[Source "ChessBase"]
[SourceDate "2013.08.26"]
[SourceVersion "1"]
[SourceVersionDate "2013.08.26"]
[SourceQuality "1"]

1. e4 e5 2. Nf3 Nc6 3. Bc4 Nf6 4. d3 Bc5 5. c3 d6 6. Bb3 a6 7. h3 h6 8. Nbd2 Ba7 9. Nf1 Be6 10. Bc2 d5 11. Qe2 Qd6 12. Ng3 b5 13. Nf5 Bxf5 14. exf5 0-0 15. 0-0 Rfe8 16. Nh2 Rad8 17. g4 d4 18. g5 hxg5 19. Bxg5 e4 20. Bxf6 exd3 21. Qxd3 Qxf6 22. Ng4 Qh4 23. Kg2 dxc3 24. Qxc3 Nd4 25. Bd3 c5 26. Rae1 c4 27. Be4 Bb8 28. f4 Kh8 29. a3 Nb3 30. Qg3 Qxg3+ 31. Kxg3 Nd2 32. Ne5 Nxf1+ 33. Rxf1 0-1

[Event "Latschach op 29th"]
[Site "Latschach"]
[Date "2013.08.12"]
[Round "4"]
[White "Mostoegl, Konrad"]
[Black "Pilz, Dieter"]
[Result "0-1"]
[WhiteElo "1997"]
[BlackElo "2272"]
[PlyCount "140"]
[EventDate "2013.08.10"]
[EventType "swiss"]
[EventRounds "9"]
[EventCountry "AUT"]
[SourceTitle "CBM 155 Extra"]
[Source "ChessBase"]
[SourceDate "2013.08.26"]
[SourceVersion "1"]
[SourceVersionDate "2013.08.26"]
[SourceQuality "1"]

1. e4 e5 2. Nf3 Nc6 3. Bb5 Nf6 4. 0-0 Be7 5. d3 d6 6. h3 0-0 7. c3 a6 8. Ba4 b5 9. Bc2 Bb7 10. Re1 Re8 11. Nbd2 Bf8 12. Nf1 g6 13. Bg5 Bg7 14. Qd2 d5 15. exd5 Qxd5 16. Ne3 Qd7 17. Bxf6 Bxf6 18. Ng4 Bg7 19. Bb3 Re7 20. Nh6+ Kh8 21. Qg5 f6 22. Qh4 Na5 23. Ng4 Rf8 24. Bc2 Bxf3 25. gxf3 f5 26. Nh2 Nc6 27. Nf1 Bf6 28. Qg3 Rfe8 29. Nd2 Nd8 30. b4 Ne6 31. Nb3 Qc6 32. Rac1 Ng5 33. Bd1 Qd6 34. Nc5 Ne6 35. d4 exd4 36. Qxd6 cxd6 37. Rxe6 Rxe6 38. Nxe6 Rxe6 39. Bb3 Re2 40. cxd4 Bxd4 41. Rd1 Be5 42. Rc1 Rd2 43. Rc6 Bd4 44. Rxa6 Bxf2+ 45. Kf1 Bg3 46. Kg1 Rd4 47. a3 Rd3 48. Be6 Be5 49. Bd7 Bb2 50. Bxb5 Rxa3 51. Rxd6 Rxf3 52. Bf1 Rb3 53. b5 Kg7 54. Kg2 h5 55. b6 Be5 56. Rd7+ Kf6 57. b7 g5 58. Bc4 Rb2+ 59. Kf1 g4 60. h4 f4 61. Rf7+ Kg6 62. Re7 Kf5 63. Bf7 f3 64. Bxh5 Bd4 65. Re1 Rxb7 66. Rd1 Rb4 67. Re1 Kf4 68. Bg6 Be3 69. Bf5 g3 70. Bh3 Rb2 0-1

[Event "Latschach op 29th"]
[Site "Latschach"]
[Date "2013.08.11"]
[Round "2"]
[White "Pilz, Dieter"]
[Black "Niederstatter, Harald"]
[Result "1/2-1/2"]
[WhiteElo "2272"]
[BlackElo "2040"]
[PlyCount "47"]
[EventDate "2013.08.10"]
[EventType "swiss"]
[EventRounds "9"]
[EventCountry "AUT"]
[SourceTitle "CBM 155 Extra"]
[Source "ChessBase"]
[SourceDate "2013.08.26"]
[SourceVersion "1"]
[SourceVersionDate "2013.08.26"]
[SourceQuality "1"]

1. Nf3 f5 2. c4 Nf6 3. Nc3 e6 4. g3 Be7 5. Bg2 0-0 6. 0-0 d6 7. d4 Ne4 8. Qc2 Nxc3 9. Qxc3 Bf6 10. b3 Nc6 11. Bb2 e5 12. e3 Bd7 13. Rad1 e4 14. Nd2 Be8 15. f3 Bh5 16. Rde1 exf3 17. Nxf3 Qd7 18. Qd2 Rae8 19. d5 Bxf3 20. Bxf3 Ne5 21. Bg2 Ng4 22. e4 Bxb2 23. Qxb2 fxe4 24. Rxf8+ 1/2-1/2

[Event "AUT-chT 1213"]
[Site "Austria"]
[Date "2013.03.23"]
[Round "10.3"]
[White "Pilz, Dieter"]
[Black "Skoberne, Jure"]
[Result "0-1"]
[WhiteElo "2312"]
[BlackElo "2549"]
[PlyCount "106"]
[EventDate "2012.11.02"]
[EventType "team-tourn"]
[EventRounds "11"]
[EventCountry "AUT"]
[SourceTitle "EXT 2014"]
[Source "ChessBase"]
[SourceDate "2013.11.20"]
[SourceVersion "1"]
[SourceVersionDate "2013.11.20"]
[SourceQuality "1"]
[WhiteTeam "Absam"]
[BlackTeam "Raika Feffernitz"]
[WhiteTeamCountry "AUT"]
[BlackTeamCountry "AUT"]

1. e4 d6 2. d4 Nf6 3. Nc3 g6 4. Nf3 Bg7 5. h3 0-0 6. Bc4 Nxe4 7. Nxe4 d5 8. c3 dxc4 9. Qe2 Qd5 10. 0-0 Bf5 11. Re1 Nc6 12. Bf4 Rac8 13. Rad1 Rfd8 14. Qe3 Bxe4 15. Qxe4 Qxe4 16. Rxe4 e6 17. Rde1 Rd5 18. Kf1 Na5 19. Be5 c5 20. Bxg7 Kxg7 21. Re5 Rcd8 22. dxc5 Nc6 23. Rxd5 Rxd5 24. Ke2 Rxc5 25. Rd1 Rb5 26. Rd2 Kf6 27. Kd1 Ke7 28. Kc2 Ra5 29. Kb1 Rf5 30. Kc2 g5 31. Re2 b5 32. b3 cxb3+ 33. axb3 h5 34. Kd3 Rd5+ 35. Ke3 g4 36. hxg4 hxg4 37. Nd4 Nxd4 38. cxd4 e5 39. Ra2 Rxd4 40. Rxa7+ Ke6 41. Rc7 Rb4 42. Rc3 f5 43. g3 f4+ 44. gxf4 exf4+ 45. Kd2 Ke5 46. Rc5+ Kd4 47. Rg5 Rxb3 48. Rxg4 Ke4 49. Rh4 Rb2+ 50. Ke1 Kf3 51. Rh3+ Kg2 52. Rh5 Rb1+ 53. Ke2 f3+ 0-1

[Event "Landesliga Sued 1112"]
[Site "Bayern"]
[Date "2012.01.15"]
[Round "5.2"]
[White "Altmann, Christoph"]
[Black "Pilz, Dieter"]
[Result "1/2-1/2"]
[WhiteElo "2042"]
[BlackElo "2258"]
[PlyCount "24"]
[EventDate "2011.10.02"]
[EventType "team-tourn"]
[EventRounds "9"]
[EventCountry "GER"]
[SourceTitle "EXT 2013"]
[Source "ChessBase"]
[SourceDate "2012.11.22"]
[SourceVersion "1"]
[SourceVersionDate "2012.11.22"]
[SourceQuality "1"]
[WhiteTeam "Sendling"]
[BlackTeam "Weilheim"]
[WhiteTeamCountry "GER"]
[BlackTeamCountry "GER"]

1. d4 c5 2. c3 e6 3. Nf3 Nf6 4. Bg5 Be7 5. e3 b6 6. Bd3 Bb7 7. Nbd2 0-0 8. 0-0 d5 9. Ne5 Ne4 10. Bxe7 Qxe7 11. Qc2 f6 12. Nef3 f5 1/2-1/2